Tratado de auditoría /

Guardado en:
Autor Principal: Fowler Newton, Enrique.
Formato: Libro
Idioma:Spanish
Publicado: Buenos Aires : La Ley, 2004.
Edición:3a. ed.
Materias:
Etiquetas: Agregar Etiqueta
Sin Etiquetas, Sea el primero en etiquetar este registro!
LEADER 02853nam a22003855a 4500
001 EUN.eunm000435
005 20061026101355.0
008 050329s2004####ag############001#0#spa#d
020 |a 9870304486 (obra completa) 
020 |a 9870304494 (v.1) 
020 |a 9870304508 (v.2) 
082 0 4 |a 657.6  |2 15 
100 1 |a Fowler Newton, Enrique. 
245 1 0 |a Tratado de auditoría /  |c Enrique Fowler Newton. 
250 |a 3a. ed. 
260 |a Buenos Aires :  |b La Ley,  |c 2004. 
300 |a 2 v. ;  |c 25 cm. +  |e 1 CD-ROM. 
500 |a Incluye índices. 
505 0 |a v. 1. Cuestiones generales: Las auditorías de estados contables -- Regulaciones -- La independencia -- Ética y disciplina profesional -- Los sistemas de control de calidad y sus revisiones -- Responsabilidad del auditor -- Informes sobre los estados contables y su información adicional -- La carta con recomendaciones -- El contrato de auditoría y la relación con el cliente -- Procedimientos de auditoría. 
505 0 |a v. 2. Planeamiento y administración de una auditoría -- Muestreo -- Documentación de la auditoría -- Cuestiones de aplicación: Controles internos que interesan al auditor -- Pruebas sobre controles y movimientos contables -- Pruebas directas sobre componentes de los estados contables -- Cierre de la auditoría -- Otros servicios sobre informaciones contables y prospectivas: Revisiones (limitadas) de estados contables -- Otros servicios de credibilidad sobre informaciones contables -- Servicios de credibilidad sobre informaciones prospectivas -- Aplicaciones de procedimientos acordados -- Compilaciones. 
650 7 |a Contabilidad.  |2 Unbis 
650 7 |a Auditoría.  |2 Unbis 
859 |a AR-BaUNS  |b BIB. CENTRAL - Sector A  |h 657.6  |i F829-6  |p 115201/005  |v v.1  |3 v.1 
859 |a AR-BaUNS  |b BIB. CENTRAL - Sector A  |h 657.6  |i F829-6  |p 115202/005  |t Ej.2  |v v.1  |3 v.1 
859 |a AR-BaUNS  |b BIB. CENTRAL - Sector A  |h 657.6  |i F829-6  |p 115203/005  |t Ej.3  |v v.1  |3 v.1 
859 |a AR-BaUNS  |b BIB. CENTRAL - Sector A  |h 657.6  |i F829-6  |p 115204/005  |t Ej.4  |v v.1  |3 v.1 
859 |a AR-BaUNS  |b BIB. CENTRAL - Sector A  |h 657.6  |i F829-6  |p 115205/005  |t Ej.5  |v v.1  |3 v.1 
859 |a AR-BaUNS  |b BIB. CENTRAL - Sector A  |h 657.6  |i F829-6  |p 115206/005  |t Ej.6  |v v.1  |3 v.1 
859 |a AR-BaUNS  |b BIB. CENTRAL - Sector A  |h 657.6  |i F829-6  |p 115207/005  |t Ej.7  |v v.1  |3 v.1 
859 |a AR-BaUNS  |b BIB. CENTRAL - Sector A  |h 657.6  |i F829-6  |p 115208/005  |t Ej.8  |v v.1  |3 v.1 
859 |a AR-BaUNS  |b BIB. CENTRAL - Sector A  |h 657.6  |i F829-6  |p 115209/005  |v v.2  |3 v.2 
859 |a AR-BaUNS  |b BIB. CENTRAL - Sector A  |h 657.6  |i F829-6  |p 115210/005  |t Ej.2  |v v.2  |3 v.2 
859 |a AR-BaUNS  |b BIB. CENTRAL - Sector A  |h 657.6  |i F829-6  |p 115211/005  |t Ej.3  |v v.2  |3 v.2 
859 |a AR-BaUNS  |b BIB. CENTRAL - Sector A  |h 657.6  |i F829-6  |p 115212/005  |t Ej.4  |v v.2  |3 v.2 
859 |a AR-BaUNS  |b BIB. CENTRAL - Sector A  |h 657.6  |i F829-6  |p 115213/005  |t Ej.5  |v v.2  |3 v.2